Introducción a las ecuaciones diferenciales
-д хадгалсан:
| Үндсэн зохиолчид: | , |
|---|---|
| Формат: | Ном |
| Хэл сонгох: | испани |
| Хэвлэсэн: |
Ciudad de México
Limusa
1972
|
| Нөхцлүүд: | |
| Шошгууд: |
Шошго нэмэх
Шошго байхгүй, Энэхүү баримтыг шошголох эхний хүн болох!
|
MARC
| LEADER | 00000nam a2200000 a 4500 | ||
|---|---|---|---|
| 001 | UCU3202 | ||
| 003 | CL-VaPUC | ||
| 008 | 960502e19720000MX |||||||||||||||||spa|d | ||
| 082 | 0 | 4 | |a 515.35 |b BOY |2 21 |
| 100 | 0 | |a Boyce, William E |e author |9 359998 | |
| 700 | 0 | |a Di Prima, Richard C |e author |9 359999 | |
| 245 | 1 | 0 | |a Introducción a las ecuaciones diferenciales |
| 300 | |a 336 p | ||
| 942 | |c BK | ||
| 945 | |d 19960502 00:00:00 |a paguirre | ||
| 260 | |a Ciudad de México |b Limusa |c 1972 | ||
| 650 | 0 | |a Ecuaciones diferenciales |9 260083 | |
| 650 | 0 | |a Ecuaciones lineales |9 342219 | |
| 650 | 0 | |a Ecuaciones no lineales |9 343071 | |
| 583 | |a last modification |c 20180102 05:42:44 |k Rodrigo Vera | ||
| 999 | |c 247292 |d 247290 | ||
| 952 | |0 0 |1 0 |4 0 |6 515_350000000000000_BOY_1972 |7 0 |8 A |9 263064 |a BIBMAT |b BIBMAT |d 2019-11-19 |i 3247279 |o 515.35 BOY 1972 |p 3247279 |r 2025-01-07 |w 2019-11-19 |y BK |k MAT | ||
| 952 | |0 0 |1 0 |4 0 |6 515_350000000000000_BOY_1972 |7 0 |8 A |9 263065 |a BIBMAT |b BIBMAT |d 2019-11-19 |i 3247287 |o 515.35 BOY 1972 |p 3247287 |r 2025-01-07 |w 2019-11-19 |y BK |k MAT | ||
| 952 | |0 0 |1 0 |4 0 |6 515_350000000000000_BOY_1972 |7 0 |8 A |9 263066 |a BIBMAT |b BIBMAT |d 2019-11-19 |i 3247295 |o 515.35 BOY 1972 |p 3247295 |r 2025-01-07 |w 2019-11-19 |y BK |k MAT | ||
| 952 | |0 0 |1 0 |4 0 |6 515_350000000000000_BOY_1972 |7 0 |8 A |9 263067 |a BIBMAT |b BIBMAT |d 2019-11-19 |i 3247309 |o 515.35 BOY 1972 |p 3247309 |r 2025-01-07 |w 2019-11-19 |y BK |k MAT | ||
| 952 | |0 0 |1 0 |4 0 |6 515_350000000000000_BOY_1972 |7 0 |8 A |9 263068 |a BIBMAT |b BIBMAT |d 2019-11-19 |i 3247317 |o 515.35 BOY 1972 |p 3247317 |r 2025-01-07 |w 2019-11-19 |y BK |k MAT | ||
| 952 | |0 0 |1 0 |4 0 |6 515_350000000000000_BOY_1972 |7 0 |8 A |9 263069 |a BIBMAT |b BIBMAT |d 2019-11-19 |i 1317954 |o 515.35 BOY 1972 |p 1317954 |r 2025-01-07 |w 2019-11-19 |y BK |k MAT | ||
| 952 | |0 0 |1 0 |4 0 |6 515_350000000000000_BOY_1972 |7 0 |8 A |9 263070 |a BIBMAT |b BIBMAT |d 2019-11-19 |i 1317903 |o 515.35 BOY 1972 |p 1317903 |r 2025-01-07 |w 2019-11-19 |y BK |k MAT | ||
| 952 | |0 0 |1 0 |4 0 |6 515_350000000000000_BOY_1972 |7 0 |8 A |9 263071 |a BIBMAT |b BIBMAT |d 2019-11-19 |i 1317628 |o 515.35 BOY 1972 |p 1317628 |r 2025-01-07 |w 2019-11-19 |y BK |k MAT | ||